Hunger Games Name Length Quiz Stats

 Plays Quiz Updated Nov 18, 2013

Support Sporcle.
Go Orange.
Score 0/8 Timer 02:00
0 Plays Today
Length of Surname Surname % Correct
8Aurelius
97.3%
4Coin
80.9%
7Trinket
79.4%
9Hawthorne
65.6%
5Odair
59.4%
10Flickerman
41.1%
6Cardew
29.6%
11Templesmith
19.1%

You're not logged in!

Compare scores with friends on all Sporcle quizzes.
OR
Log In
Forgot?

From the Vault

Multi-Category Minefield Blitz XVI

by MSpitzig

That fuse looks awful short...
Remove Ads.
Support Sporcle.
Get the best of Sporcle when you Go Orange. This ad-free experience offers more features, more stats, and more fun while also helping to support Sporcle. Thank you for becoming a member.

Show Comments

Extras

Top Quizzes Today


Score Distribution

Your Account Isn't Verified!

In order to create a playlist on Sporcle, you need to verify the email address you used during registration. Go to your Sporcle Settings to finish the process.

Report this User

Report this user for behavior that violates our Community Guidelines.

Details: